|
|
|
|
| LEADER |
01314nam a2200349 a 4500 |
| 001 |
36265 |
| 003 |
BD-DhAAL |
| 005 |
20211206115500.0 |
| 008 |
200210t1990 njua b 001 0 eng d |
| 999 |
|
|
|c 42201
|d 42201
|
| 010 |
|
|
|a 89016006
|
| 020 |
|
|
|a 0138505616
|
| 020 |
|
|
|a 9780138505615
|
| 040 |
|
|
|a DLC
|c DLC
|d DLC
|d BD-DhAAL
|
| 043 |
|
|
|a n-us---
|
| 050 |
0 |
0 |
|a LB1139.4
|b .S77 1990
|
| 082 |
0 |
0 |
|a 372.13
|2 20
|
| 245 |
0 |
0 |
|a Strategies for teaching young children /
|c Judith A. Schickedanz ... [et al.].
|
| 250 |
|
|
|a Third edition
|
| 260 |
|
|
|a Englewood Cliffs, N.J. :
|b Prentice Hall,
|c c1990.
|
| 300 |
|
|
|a xiv, 384 pages :
|b illustrations ;
|c 24 cm.
|
| 504 |
|
|
|a Includes bibliographical references.
|
| 526 |
|
|
|a BIED
|
| 541 |
|
|
|a Complimentary copy from BIED
|e 36265
|
| 650 |
|
0 |
|a Early childhood education
|x Curricula
|z United States.
|9 39209
|
| 700 |
1 |
|
|a Schickedanz, Judith A.,
|d 1944-
|9 39210
|
| 700 |
1 |
|
|a York, Mary E.
|9 39211
|
| 700 |
1 |
|
|a Stewart, Ida Santos
|9 39212
|
| 700 |
1 |
|
|a White, Doris A.
|9 39213
|
| 852 |
|
|
|a Ayesha Abed Library
|c BIED Collection
|
| 942 |
|
|
|2 ddc
|c BK
|
| 952 |
|
|
|0 0
|1 0
|2 ddc
|4 0
|6 372_130000000000000_STR
|7 0
|9 67892
|a BRACUL
|b BRACUL
|c GEN
|d 2020-02-10
|e Complimentary copy from BIED
|l 0
|o 372.13 STR
|p 3010036265
|r 2020-02-10
|t 1
|w 2020-02-10
|y BK
|x Transferred from BIED to General Stacks
|